000 00725nam a2200193Ia 4500
005 20251020182610.0
008 200515s9999 xx 000 0 und d
082 _aSC/625.75/T33
100 _aTEJEIRO, Ramón
245 0 _aManual de construcción de caminos de tierra con utilización intensiva de mano de obra
260 _aLima
260 _c1993
300 _a102
520 _aPretende servir al técnico medio para, utilizando técnicas sencillas, tener una secuencia clara de las actividades necesarias para organizar los equipos de trabajo que ejecuten, correctamente, carreteras, caminos o calles de tierra
650 _aCAMINOS
650 _aCARRETERAS
650 _aCONSTRUCCIONES EN TIERRA
942 _cLIB
999 _c3322
_d3322